000 00481nam a22001697a 4500
003 OSt
008 241022b |||||||| |||| 00| 0 eng d
020 _a9781465429810
082 _a687 SMD
100 _aSMITH, Alison
245 _aDress Making Step By Step : Classic Patterns & Essential Techniques For A Range Of Beautiful Garment
250 _a1st. ed.,
260 _aUnited States,
_bDorling Kindersley,
_c2015,
300 _a224 p.
650 _aB.FAD.
942 _2ddc
_cREF
999 _c12932
_d12932